000 00684nam a2200205Ii 4500
003 JO-AjNU
008 230605s9999||||xx |||||||||||||| ||und||
017 _a85/2530
040 _aJO-AjNU
_bara
_erda
_cJO-AjNU
041 _aara
050 1 4 _aUB275.R8752 1985
100 3 _aرشي، جيهان احمد ,
_eauthor
_942421
245 0 0 _aالدعاية واستخدام الراديو في الحرب النفسية
264 3 1 _aالقاهرة :دارالفكر العربي، 1985
300 _a534ص
336 _atext
_btxt
_2rdacontent
337 _aunmediated
_bn
_2rdamedia
338 _avolume
_bnc
_2rdacarrier
650 4 _a الحرب النفسية -دعاية
_942422
999 _aA18163
_c21731
_d21731